00864nam a22002297a 4500999001900000005001700019010001500036020002700051035001400078037001300092082001100105245016200116260003400278270005000312300002500362500002200387700002600409700003200435700001700467942002500484952012500509 c158328d15832820181025130050.0 aENG-124365 c1650.00a9789386552228 aEN-107897 bDBAD/PUB a954.42 aRevisiting the history of medieval rajasthan:ced. by Suraj Bhan Bhardwaj; Rameshwar Prasad Bahuguna [and] Mayank Kumarbessays for professor Dilbagh Singh / aNew DelhibPrimus Booksc2017 aArakashan Road, Paharganj,bNew Delhie110055 axi,348p.c23cm. (Hb) aIt includes index aBhardwaj, Suraj Bhan  aBahuguna, Rameshwar Prasad  aMayank Kumar 2ddccENh954.42mREV 001040718NFICaDBADbBNd2018-10-25eDBAD/PUBg1650.00l0o954.42 REVpEN-107897r2018-10-25 00:00:00t1v1650.00yEN